Daňové priznanie k dani z príjmov fyzickej osoby za rok 2006
Posledná novela zákona o dani z príjmov účinná od 29.12.2006. Podanie daňového priznania. Kto má povinnosť podať daňové priznanie. Kto nemá povinnosť podať daňové priznanie. Príjmy, ktoré sa v daňovom priznaní neuvádzajú. Zmeny vo výdavkoch. Odpočet straty. Nezdaniteľné časti základu dane. Daňový bo...
Salvato in:
| Autore principale: | |
|---|---|
| Natura: | Capitolo di libro |
| Lingua: | slovacco |
| Soggetti: | |
| Tags: |
Nessun Tag, puoi essere il primo ad aggiungerne!!
|
MARC
| LEADER | 00000naa$a2200000$$$4500 | ||
|---|---|---|---|
| 001 | 0053088 | ||
| 005 | 20231109091547.0 | ||
| 041 | 0 | |a slo | |
| 044 | |a SK | ||
| 245 | 1 | 0 | |a Daňové priznanie k dani z príjmov fyzickej osoby za rok 2006 |c Martina Oravcová |
| 520 | |a Posledná novela zákona o dani z príjmov účinná od 29.12.2006. Podanie daňového priznania. Kto má povinnosť podať daňové priznanie. Kto nemá povinnosť podať daňové priznanie. Príjmy, ktoré sa v daňovom priznaní neuvádzajú. Zmeny vo výdavkoch. Odpočet straty. Nezdaniteľné časti základu dane. Daňový bonus. Zdanenie príjmov zo zahraničia. Platenie dane. Praktické príklady a vzory tlačív. | ||
| 610 | 2 | 0 | |a dane z príjmov |
| 610 | 2 | 0 | |a osoby fyzické |
| 610 | 2 | 0 | |a legislatíva |
| 610 | 2 | 0 | |a povinnosť daňová |
| 610 | 2 | 0 | |a daňovníci |
| 610 | 2 | 0 | |a základ dane |
| 610 | 2 | 0 | |a úrady daňové |
| 100 | 1 | |a Oravcová, Martina | |